000 01150nam a2200277 a 4500
001 BRCA_1520
005 20190320203448.0
008 900905s1990 sp-a---##b---f000-0#spa-#
020 _a8486022512
041 _aspaeng
050 4 _aN6512.5
_b.S87 1990
245 1 0 _aEl surrealismo entre Viejo y Nuevo Mundo.
260 _aMadrid
_bQuinto Centenario
_c1990
300 _a346 p.
_bil. (algunas a color)
_c28 cm.
440 0 _aColección Encuentros
_pSerie Catálogos
_94899
500 _aCatálogo de la exposición realizada en la Sala de Exposiciones de la Fundación Cultural Mapfre Vida, 6 marzo - 22 abril, 1990
500 _aIncluye relación de obras
546 _aTexto en : inglés y español
650 1 4 _aSurrealismo
_vExposiciones
_zEstados Unidos
_94932
650 1 4 _aArte americano
_vExposiciones
_ySiglo XX
_93210
650 1 4 _aVanguardismo (Estética)
_vExposiciones
_xHistoria
_ySiglo XX
_zEstados Unidos
_94933
650 1 4 _aSurrealismo
_vExposiciones
_zMéxico
_94934
650 1 4 _aArte mexicano
_vExposiciones
_ySiglo XX
_92618
650 1 4 _aVanguardismo (Estética)
_vExposiciones
_xHistoria
_ySiglo XX
_zMéxico
_94935
942 _2lcc
_cB
999 _c1373
_d1373